000 00305nam a2200133Ia 4500
008 260604s9999 xx 000 0 und d
020 _a9781412974516
082 _a001.4 SUL
100 _aSULLIVAN
_935122
245 0 _aART PRACTICE AS RESEARCH
260 _bSAGE
500 _aResearch, Art
942 _cBK
999 _c7881
_d7881